000
00325 a2200121 4500
000
nam a22 7a 4500
005
20260207101626.0
020
_a
9789362874115
100
_a
Misra, Harischandra
_9
1114323
245
_a
Lokasahitya ka lokapaksa: siddhanta evam vyavahara
260
_b
Vani Prakashan
_c
2024
942
_c
TEXL
999
_c
1678867
_d
1678867